Célébrités par skin Fortnite de 2019 à 2023 - Statistiques

Statistiques générales
  • Ce quiz a été pris 76 fois
  • Le résultat moyen est 13 sur 31
Statistiques - réponses
Par images Hint Réponse % Correct
Rappeur Eminem
95%
Streamer/Youtubeur MrBeast
92%
Footballeur Neymar
92%
Chanteur The Weeknd
90%
Chanteuse Ariana Grande
84%
Chanteur Bruno Mars
84%
Basketteur LeBron James
84%
Pilote de F1 Lewis Hamilton
83%
Streamer Ninja
83%
Rappeur Travis Scott
81%
Footballer Harry Kane
79%
DJ Marshmello
71%
TikTokeur Khaby Lame
57%
Footballer Marco Reus
49%
Joueur Pro Bugha
43%
DJ Major Lazer
29%
Chanteur J Balvin
27%
Basketteur Giannis Antetokounmpo
17%
Streamer SypherPK
13%
Chanteur The Kid LAROI
13%
Streamer Ali-A
11%
Streamer Loserfruit
11%
Tenniswoman Naomi Osaka
11%
Football américain Patrick Mahomes
11%
Streamer Lachlan
10%
Streamer Lazarbeam
8%
Snowboardeuse Chloe Kim
5%
Streamer TheGrefg
5%
Chanteur Anderson Paak
2%
Streameuse Chica
2%
Streamer Flakes Power
0%
Aucun quiz correspondant
Distribution des résultats
% des personnes avec chaque résultat
Percentile par nombre de réponses
Votre historique - résultats
Vous n’avez pas pris ce quiz